| 000 | 00941cab a2200301 4500 | ||
|---|---|---|---|
| 001 | WB3429-21 | ||
| 008 | 090401t1998 xxu||||| |||| 00| 0 eng d | ||
| 035 | _a(Sirsi) u87688 | ||
| 041 | _aeng | ||
| 245 | _aHousing for the millennium | ||
| 260 | _c1998 | ||
| 350 | _a0 | ||
| 490 |
_aDETR Information Bulletin _v(611) 22 July 1998, (3) |
||
| 520 | _aHousing and Regeneration ministers have published plans for investing in housing and regeneration for the next millennium. Nearly £5bn extra provision of resources for the next three years has been announced. | ||
| 650 | _aFUNDING | ||
| 650 | _aFUTURE | ||
| 650 | _aHOME OWNERSHIP | ||
| 650 | _aHOUSING INVESTMENT PROGRAMME | ||
| 650 | _aHOUSING MANAGEMENT | ||
| 650 | _aHOUSING | ||
| 650 | _aLOCAL AUTHORITIES | ||
| 650 | _aREGENERATION | ||
| 650 | _aRENOVATIONS | ||
| 650 | _aSINGLE REGENERATION BUDGET | ||
| 690 | _aHOUSING | ||
| 942 | _n0 | ||
| 948 | _c28/07/1998 | ||
| 999 |
_c55321 _d55321 |
||